[Event "36. Copenhagen Open (Politiken Cup)"]
[Site "Elsinore"]
[Date "2014.07.22"]
[Round "2"]
[White "Lauritsen, Martin Lee"]
[Black "Rasmussen, Allan Stig"]
[Result "0-1"]
[WhiteElo "2143"]
[BlackElo "2522"]
[PlyCount "62"]
[EventDate "2014.07.21"]
[EventType "swiss"]
[EventRounds "10"]
[EventCountry "DEN"]
[Source "ChessBase"]
[SourceDate "2014.08.29"]

1. e4 c5 2. Nf3 e6 3. d4 cxd4 4. Nxd4 a6 5. Be3 Nf6 6. Bd3 Qc7 7. O-O d5 8.
exd5 Nxd5 9. Qe2 Nxe3 10. Qxe3 Bc5 11. Qe4 Nd7 12. Nb3 Bd6 13. h3 Nf6 14. Qc4
Qe7 15. Nc3 Bd7 16. Rfe1 Rc8 17. Qd4 Bb8 18. Rad1 O-O 19. Nd2 Bc6 20. Nde4 Nh5
21. g3 f5 22. Qc5 Qc7 23. Ng5 Nxg3 24. Nxe6 Ne2+ 25. Kf1 Qh2 26. Nd5 Rfe8 27.
Kxe2 Rxe6+ 28. Kd2 Bf4+ 29. Nxf4 Qxf4+ 30. Re3 Qxf2+ 31. Be2 Rd8+ 0-1

[Event "36. Copenhagen Open (Politiken Cup)"]
[Site "Elsinore"]
[Date "2014.07.22"]
[Round "2"]
[White "Leite, Steinar"]
[Black "Justinussen, Sigurd B"]
[Result "1-0"]
[WhiteElo "1760"]
[BlackElo "1978"]
[PlyCount "117"]
[EventDate "2014.07.21"]
[EventType "swiss"]
[EventRounds "10"]
[EventCountry "DEN"]
[Source "ChessBase"]
[SourceDate "2014.08.29"]

1. e4 e5 2. Nf3 d6 3. Bb5+ Bd7 4. Bxd7+ Qxd7 5. c4 c5 6. Nc3 Nf6 7. O-O Be7 8.
d3 O-O 9. Ne1 Nc6 10. f4 Rad8 11. f5 Nd4 12. Nc2 a6 13. Ne3 b5 14. b3 h6 15.
Ncd5 Nxd5 16. Nxd5 f6 17. Qg4 Kh8 18. Rf2 Qe8 19. Qh3 Kh7 20. g4 Rd7 21. Rg2 g5
22. Be3 Nc6 23. Kh1 Rh8 24. Rag1 Bd8 25. Qf3 Kg8 26. h4 h5 27. Rh2 Rdh7 28.
Rgg2 hxg4 29. Qxg4 Qh5 30. Qxh5 Rxh5 31. hxg5 fxg5 32. Rxh5 Rxh5+ 33. Rh2 Rxh2+
34. Kxh2 bxc4 35. dxc4 Nd4 36. Kh3 Ne2 37. Kg4 Nf4 38. f6 Kf7 39. Kxg5 Nxd5 40.
cxd5 Bxf6+ 41. Kf5 Bh4 42. Bd2 Bf2 43. Ba5 Ke7 44. Bc7 Kd7 45. Ba5 Bg1 46. Kg4
Be3 47. Kf3 Bf4 48. Ke2 Bg3 49. Kd3 Bf2 50. Kc4 Be3 51. b4 cxb4 52. Kxb4 Kc8
53. Ka4 Kb7 54. Bd8 Bc5 55. Kb3 Kc8 56. Bf6 Kb7 57. Kc4 Kc7 58. Bxe5 Kb6 59.
Bd4 1-0

[Event "36. Copenhagen Open (Politiken Cup)"]
[Site "Elsinore"]
[Date "2014.07.22"]
[Round "2"]
[White "Leutwyler, Martin"]
[Black "Negi, Parimarjan"]
[Result "0-1"]
[WhiteElo "2190"]
[BlackElo "2645"]
[PlyCount "72"]
[EventDate "2014.07.21"]
[EventType "swiss"]
[EventRounds "10"]
[EventCountry "DEN"]
[Source "ChessBase"]
[SourceDate "2014.08.29"]

1. d4 Nf6 2. Nf3 b6 3. g3 Bb7 4. Bg2 e6 5. c4 Be7 6. O-O O-O 7. Nc3 Ne4 8. Nxe4
Bxe4 9. Nh4 Bxg2 10. Nxg2 c5 11. d5 exd5 12. cxd5 d6 13. Ne3 g6 14. a4 Nd7 15.
Nc4 a6 16. Bf4 Qc7 17. Qb3 Rab8 18. e4 Rfe8 19. g4 Bf8 20. f3 b5 21. axb5 axb5
22. Na5 c4 23. Qe3 Qc5 24. Nc6 Ra8 25. Qd4 Rxa1 26. Rxa1 Bg7 27. Qxc5 Nxc5 28.
Bxd6 Bxb2 29. Rb1 Nd3 30. Nb4 Ba3 31. Kf1 f5 32. gxf5 gxf5 33. e5 Bxb4 34. Bxb4
Rxe5 35. d6 Nxb4 36. Rxb4 Kf7 0-1

[Event "36. Copenhagen Open (Politiken Cup)"]
[Site "Elsinore"]
[Date "2014.07.22"]
[Round "2"]
[White "Levushkina, Elena"]
[Black "Nielsen, Jan Mose"]
[Result "1-0"]
[WhiteElo "2310"]
[BlackElo "2078"]
[PlyCount "153"]
[EventDate "2014.07.21"]
[EventType "swiss"]
[EventRounds "10"]
[EventCountry "DEN"]
[Source "ChessBase"]
[SourceDate "2014.08.29"]

1. e4 e5 2. Nf3 Nc6 3. d4 exd4 4. Nxd4 Bc5 5. Nxc6 Qf6 6. Qf3 bxc6 7. Nd2 a5 8.
Nb3 Bb6 9. a4 d6 10. Bd2 Qxf3 11. gxf3 Ne7 12. Rg1 O-O 13. Bc3 Ng6 14. h4 Re8
15. h5 Ne5 16. Be2 f6 17. Rg3 Kf8 18. Kf1 Nf7 19. Bd3 Be6 20. f4 c5 21. Nd2 c6
22. b3 d5 23. exd5 cxd5 24. Nf3 d4 25. Bd2 h6 26. Nh4 Nd6 27. Re1 Bd5 28. Rg1
c4 29. bxc4 Nxc4 30. Bc1 Bc5 31. Rxe8+ Rxe8 32. Ng6+ Kf7 33. Nh4 Kf8 34. Ng6+
Kg8 35. Nh4 Ba3 36. Bxc4 Bxc4+ 37. Kg2 Bxc1 38. Rxc1 Bd5+ 39. Kg3 Rc8 40. Rd1
Be4 41. Rxd4 Bxc2 42. Rd5 Bxa4 43. Rxa5 Bc2 44. f5 Bb3 45. Ng6 Kh7 46. Ra7 Re8
47. Ne7 Bc4 48. Rc7 Ba2 49. Kf4 Bf7 50. Kg4 Ba2 51. Ng6 Bb3 52. Nf4 Ba2 53. Rc6
Bb3 54. Rd6 Bc4 55. Ne6 Bb3 56. Kf4 Bc2 57. Rd7 Rg8 58. Rc7 Bd1 59. f3 Ba4 60.
Ke3 Be8 61. Nf4 Ba4 62. Nd5 Kh8 63. Kf4 Rd8 64. Ne7 Be8 65. Kg4 Rd4+ 66. f4 Rd8
67. Ng6+ Bxg6 68. fxg6 Ra8 69. Kf5 Kg8 70. Ke6 Re8+ 71. Kd7 Kf8 72. Kd6 Rd8+
73. Rd7 Ra8 74. Rf7+ Kg8 75. Rc7 Rd8+ 76. Ke7 Ra8 77. Rd7 1-0

[Event "36. Copenhagen Open (Politiken Cup)"]
[Site "Elsinore"]
[Date "2014.07.22"]
[Round "2"]
[White "Lindblom, Roar"]
[Black "Morling, Aase"]
[Result "1-0"]
[WhiteElo "1865"]
[BlackElo "1531"]
[PlyCount "67"]
[EventDate "2014.07.21"]
[EventType "swiss"]
[EventRounds "10"]
[EventCountry "DEN"]
[Source "ChessBase"]
[SourceDate "2014.08.29"]

1. d4 Nf6 2. c4 e6 3. Nf3 Bb4+ 4. Bd2 Qe7 5. Nc3 Bxc3 6. Bxc3 Ne4 7. Qc2 Nxc3
8. Qxc3 O-O 9. g3 Nc6 10. a3 d6 11. Bg2 Rb8 12. O-O Qf6 13. b4 a6 14. e4 e5 15.
d5 Nd4 16. Nxd4 exd4 17. Qd2 Bg4 18. f3 Bd7 19. a4 b5 20. c5 dxc5 21. bxc5 b4
22. c6 Bc8 23. a5 b3 24. Rab1 Rb5 25. Rfd1 Qd6 26. Qxd4 Qc5 27. Qxc5 Rxc5 28.
Rxb3 Rxa5 29. g4 Rb5 30. Rxb5 axb5 31. e5 Re8 32. d6 cxd6 33. exd6 Ba6 34. d7
1-0

[Event "36. Copenhagen Open (Politiken Cup)"]
[Site "Elsinore"]
[Date "2014.07.22"]
[Round "2"]
[White "Lofgren, Claes"]
[Black "Abrahamyan, Tatev"]
[Result "1/2-1/2"]
[WhiteElo "2109"]
[BlackElo "2366"]
[PlyCount "107"]
[EventDate "2014.07.21"]
[EventType "swiss"]
[EventRounds "10"]
[EventCountry "DEN"]
[Source "ChessBase"]
[SourceDate "2014.08.29"]

1. d4 Nf6 2. c4 e6 3. g3 c5 4. Nf3 cxd4 5. Nxd4 d5 6. Bg2 e5 7. Nf3 d4 8. O-O
Nc6 9. e3 Be7 10. exd4 exd4 11. a3 Be6 12. Nbd2 a5 13. b3 O-O 14. Bb2 Qb6 15.
Qc2 Rad8 16. Rad1 Rfe8 17. Ne1 Bf8 18. Nd3 Bf5 19. Nf3 Nd7 20. Nh4 Bxd3 21.
Rxd3 Nde5 22. Rd2 d3 23. Qd1 a4 24. Bxc6 Nxc6 25. b4 Re4 26. Rxd3 Rxc4 27. Rxd8
Qxd8 28. Qxa4 Qd2 29. Qb3 Qc2 30. Qxc2 Rxc2 31. Rb1 g6 32. Nf3 Bg7 33. Bxg7
Kxg7 34. Rb3 Ra2 35. Rd3 Kf6 36. h4 h6 37. Kg2 Ke6 38. b5 Na7 39. Nd4+ Ke5 40.
Nf3+ Ke6 41. Nd4+ Ke5 42. b6 Nc8 43. Nc6+ Kf6 44. Nd8 Ke7 45. Nxb7 Nxb6 46. Nc5
Rc2 47. Ne4 Nc4 48. a4 Ra2 49. Nc5 Nb6 50. Rd4 Rc2 51. Nd3 Ra2 52. Nc5 Rc2 53.
Nd3 Ra2 54. Nc5 1/2-1/2

[Event "36. Copenhagen Open (Politiken Cup)"]
[Site "Elsinore"]
[Date "2014.07.22"]
[Round "2"]
[White "Loveid, Erik"]
[Black "Liedbeck, Patrik"]
[Result "0-1"]
[WhiteElo "1490"]
[BlackElo "1858"]
[PlyCount "62"]
[EventDate "2014.07.21"]
[EventType "swiss"]
[EventRounds "10"]
[EventCountry "DEN"]
[Source "ChessBase"]
[SourceDate "2014.08.29"]

1. e4 c5 2. c3 e6 3. d4 d5 4. exd5 exd5 5. Nf3 Bd6 6. Be3 c4 7. b3 b5 8. Be2
Ne7 9. O-O O-O 10. Bg5 f6 11. Bh4 Nf5 12. Bg3 Bxg3 13. hxg3 Bd7 14. Nh2 Nc6 15.
Nd2 Qc7 16. Bg4 Nce7 17. Qf3 Rac8 18. b4 a5 19. a3 Ra8 20. Rfb1 Qd6 21. Qd1 Ra7
22. Rb2 Rfa8 23. Rab1 Be8 24. Bh5 g6 25. Bg4 axb4 26. axb4 Ra3 27. Rc1 Bd7 28.
Qc2 Nc6 29. Bd1 Nfxd4 30. cxd4 Nxd4 31. Qb1 c3 0-1

[Event "36. Copenhagen Open (Politiken Cup)"]
[Site "Elsinore"]
[Date "2014.07.22"]
[Round "2"]
[White "Ly, Moulthun"]
[Black "Christensen, Thomas2"]
[Result "1-0"]
[WhiteElo "2466"]
[BlackElo "2139"]
[PlyCount "49"]
[EventDate "2014.07.21"]
[EventType "swiss"]
[EventRounds "10"]
[EventCountry "DEN"]
[Source "ChessBase"]
[SourceDate "2014.08.29"]

1. e4 b6 2. d4 Bb7 3. Bd3 e6 4. Nf3 Nf6 5. Qe2 Be7 6. e5 Nd5 7. c4 Nb4 8. Be4
Qc8 9. a3 N4a6 10. Nc3 d6 11. b4 Nd7 12. O-O c5 13. exd6 Bxd6 14. dxc5 bxc5 15.
b5 Nc7 16. Bg5 Nf6 17. Rad1 Be7 18. Bxb7 Qxb7 19. Ne5 O-O 20. Nd7 Rfd8 21. Bxf6
gxf6 22. Rd3 Nd5 23. Nxd5 Rxd7 24. Rg3+ Kf8 25. Qg4 1-0

[Event "36. Copenhagen Open (Politiken Cup)"]
[Site "Elsinore"]
[Date "2014.07.22"]
[Round "2"]
[White "Madison, Sigurd"]
[Black "Jensen, Morten Frank"]
[Result "1-0"]
[WhiteElo "1792"]
[BlackElo "2005"]
[PlyCount "93"]
[EventDate "2014.07.21"]
[EventType "swiss"]
[EventRounds "10"]
[EventCountry "DEN"]
[Source "ChessBase"]
[SourceDate "2014.08.29"]

1. e4 g6 2. d4 Bg7 3. c3 d5 4. e5 c5 5. f4 Nh6 6. Nd2 cxd4 7. cxd4 Nc6 8. Ndf3
O-O 9. Bd3 Qb6 10. Bb1 Bf5 11. Bxf5 Nxf5 12. Ne2 Rac8 13. g3 Nb4 14. Nc3 Qa6
15. Qe2 Qa5 16. O-O e6 17. Rd1 a6 18. a3 Nc6 19. Qf2 b5 20. g4 Nfe7 21. Bd2 Qb6
22. b4 f6 23. Be3 Nxb4 24. Nxb5 Qxb5 25. axb4 Rc4 26. Ra5 Qb7 27. Rda1 Ra8 28.
b5 Rac8 29. Rxa6 Kf7 30. exf6 Rc2 31. Qh4 Bxf6 32. Ne5+ Kg7 33. g5 Bxe5 34. Ra7
Rc1+ 35. Kg2 R8c2+ 36. Kf3 Qxb5 37. Rxe7+ Kf8 38. Ra8+ Bb8 39. Rf7+ Ke8 40.
Rxb8+ Qxb8 41. Qxh7 Rf1+ 42. Kg3 Rg1+ 43. Kh3 Rxh2+ 44. Kxh2 Qb2+ 45. Kxg1 Qb1+
46. Kf2 Qc2+ 47. Kg3 1-0

[Event "36. Copenhagen Open (Politiken Cup)"]
[Site "Elsinore"]
[Date "2014.07.22"]
[Round "2"]
[White "Maechel, Michael"]
[Black "Andersen, Daniel"]
[Result "0-1"]
[WhiteElo "1718"]
[BlackElo "1967"]
[PlyCount "132"]
[EventDate "2014.07.21"]
[EventType "swiss"]
[EventRounds "10"]
[EventCountry "DEN"]
[Source "ChessBase"]
[SourceDate "2014.08.29"]

1. e4 c5 2. Nf3 d6 3. d4 cxd4 4. Nxd4 Nf6 5. Nc3 g6 6. Be2 Bg7 7. Be3 a6 8. Qd2
Nbd7 9. O-O-O b5 10. Bh6 Bxh6 11. Qxh6 b4 12. Nd5 Bb7 13. Nxf6+ Nxf6 14. f3 Qa5
15. Kb1 O-O-O 16. Qd2 Qb6 17. Nb3 Kb8 18. Qd4 Nd7 19. Bc4 Rhf8 20. Bd5 e5 21.
Qxb6 Nxb6 22. Bxb7 Kxb7 23. Na5+ Kc7 24. Rd3 d5 25. exd5 Rxd5 26. Rxd5 Nxd5 27.
Re1 f6 28. g3 Kb6 29. Nc4+ Kc5 30. Nd2 Re8 31. Kc1 f5 32. Nb3+ Kd6 33. Nd2 Nb6
34. Re3 Rc8 35. Rd3+ Ke6 36. a3 a5 37. axb4 axb4 38. Rb3 Nd5 39. Kb1 g5 40. Nf1
g4 41. fxg4 fxg4 42. Ne3 Nxe3 43. Rxe3 Rc4 44. b3 Rd4 45. Kc1 e4 46. c3 bxc3
47. Rxc3 Rd5 48. Rc8 Rf5 49. Re8+ Kd5 50. Rd8+ Ke5 51. Re8+ Kd4 52. Kd1 Rf2 53.
Rd8+ Ke3 54. Rg8 h5 55. b4 Rxh2 56. b5 Rb2 57. Rg5 Kf3 58. Rxh5 Kxg3 59. Ke1
Rb4 60. Kd2 Kf2 61. Rf5+ Kg1 62. Ke3 g3 63. Rg5 g2 64. b6 Rxb6 65. Kxe4 Rf6 66.
Ke3 Kf1 0-1

[Event "36. Copenhagen Open (Politiken Cup)"]
[Site "Elsinore"]
[Date "2014.07.22"]
[Round "2"]
[White "Marder, Simon"]
[Black "Matthiesen, Martin"]
[Result "0-1"]
[WhiteElo "2082"]
[BlackElo "2316"]
[PlyCount "80"]
[EventDate "2014.07.21"]
[EventType "swiss"]
[EventRounds "10"]
[EventCountry "DEN"]
[Source "ChessBase"]
[SourceDate "2014.08.29"]

1. d4 Nf6 2. Bg5 d5 3. Nc3 Nbd7 4. f3 c6 5. e4 dxe4 6. fxe4 e5 7. Nf3 Qa5 8.
Bd2 exd4 9. Nxd4 Qb6 10. Nf5 g6 11. Ne3 Ne5 12. Nc4 Nxc4 13. Bxc4 Bg4 14. Be2
Be6 15. Na4 Qc7 16. O-O Bg7 17. Bf4 Qa5 18. Nc3 Qb6+ 19. Kh1 Qxb2 20. Be5 Nh5
21. Qd4 Rd8 22. Bxg7 Rxd4 23. Bxd4 O-O 24. Bxh5 gxh5 25. Bf6 Qxc2 26. Rac1 Qd2
27. e5 h6 28. Be7 Re8 29. Bf6 Bd5 30. Nxd5 Qxd5 31. Rf5 Kh7 32. Rcf1 Rg8 33.
R5f3 Qxa2 34. R1f2 Qd5 35. h3 a5 36. Bh4 Qxe5 37. Rxf7+ Rg7 38. R7f4 Qd5 39.
Rf8 a4 40. Bf6 Rg8 0-1

[Event "36. Copenhagen Open (Politiken Cup)"]
[Site "Elsinore"]
[Date "2014.07.22"]
[Round "2"]
[White "Merkesvik, Sondre"]
[Black "Louis, Thibault"]
[Result "0-1"]
[WhiteElo "2057"]
[BlackElo "2249"]
[PlyCount "94"]
[EventDate "2014.07.21"]
[EventType "swiss"]
[EventRounds "10"]
[EventCountry "DEN"]
[Source "ChessBase"]
[SourceDate "2014.08.29"]

1. Nf3 d5 2. g3 g6 3. Bg2 Bg7 4. O-O e5 5. d3 Nc6 6. Nbd2 Nge7 7. e4 O-O 8.
exd5 Nxd5 9. Re1 h6 10. Nc4 Re8 11. c3 Nb6 12. Nxb6 axb6 13. Be3 Bg4 14. h3 Bf5
15. Qd2 Qxd3 16. Bxh6 Qxd2 17. Bxd2 Be6 18. b3 Red8 19. Bg5 Rd3 20. Re3 Rxe3
21. Bxe3 Bxb3 22. a3 Bf8 23. Bc1 Rd8 24. Nd2 Bd5 25. Bf1 f5 26. Be2 Bg7 27. Rb1
e4 28. c4 Nd4 29. Bf1 Bc6 30. Bb2 Ne6 31. Bxg7 Kxg7 32. Nb3 Ra8 33. Ra1 Ba4 34.
Nd2 Rd8 35. Ra2 Kf6 36. Nb1 Ng5 37. Nc3 Bc6 38. h4 Nf3+ 39. Kg2 Ke5 40. Re2 Nd2
41. Re3 Nxf1 42. Kxf1 Rd4 43. Ne2 Rxc4 44. Nf4 Kf6 45. Kg2 Rd4 46. Kf1 Bb5+ 47.
Kg2 Bd3 0-1

[Event "36. Copenhagen Open (Politiken Cup)"]
[Site "Elsinore"]
[Date "2014.07.22"]
[Round "2"]
[White "Moe, Mogens"]
[Black "Nielsen, Palle"]
[Result "1-0"]
[WhiteElo "2274"]
[BlackElo "1771"]
[PlyCount "43"]
[EventDate "2014.07.21"]
[EventType "swiss"]
[EventRounds "10"]
[EventCountry "DEN"]
[Source "ChessBase"]
[SourceDate "2014.08.29"]

1. e4 c5 2. Nf3 d6 3. d4 cxd4 4. Nxd4 Nf6 5. Nc3 g6 6. Be2 Bg7 7. O-O O-O 8.
Kh1 Nc6 9. Nb3 Be6 10. f4 Nd7 11. f5 gxf5 12. exf5 Bxb3 13. axb3 a6 14. Ra4 Nf6
15. Rh4 Ne5 16. Rh3 b5 17. Qd4 Rc8 18. Qh4 Re8 19. Bh6 Bxh6 20. Qxh6 Kh8 21.
Ne4 Ned7 22. Ng5 1-0

[Event "36. Copenhagen Open (Politiken Cup)"]
[Site "Elsinore"]
[Date "2014.07.22"]
[Round "2"]
[White "Moiseenko, Alexander"]
[Black "Hoyer, Jacob K"]
[Result "1-0"]
[WhiteElo "2707"]
[BlackElo "2200"]
[PlyCount "51"]
[EventDate "2014.07.21"]
[EventType "swiss"]
[EventRounds "10"]
[EventCountry "DEN"]
[Source "ChessBase"]
[SourceDate "2014.08.29"]

1. d4 Nf6 2. c4 g6 3. Nc3 d5 4. cxd5 Nxd5 5. e4 Nxc3 6. bxc3 Bg7 7. Qa4+ Nd7 8.
Nf3 c5 9. Be2 O-O 10. O-O cxd4 11. cxd4 Nb6 12. Qa3 Bg4 13. Bg5 Bxf3 14. Bxf3
Qxd4 15. Rad1 Qe5 16. Bxe7 Nc4 17. Qb4 Rfc8 18. Qxb7 Rab8 19. Qxa7 Ra8 20. Qb7
Rcb8 21. Qd5 Qxe7 22. Qxc4 Rb2 23. e5 Raxa2 24. e6 Qxe6 25. Rd8+ Bf8 26. Qc5
1-0

[Event "36. Copenhagen Open (Politiken Cup)"]
[Site "Elsinore"]
[Date "2014.07.22"]
[Round "2"]
[White "Molin, Claus"]
[Black "Christiansen, Torsten Sundgaar"]
[Result "1-0"]
[WhiteElo "2002"]
[BlackElo "1793"]
[PlyCount "75"]
[EventDate "2014.07.21"]
[EventType "swiss"]
[EventRounds "10"]
[EventCountry "DEN"]
[Source "ChessBase"]
[SourceDate "2014.08.29"]

1. Nf3 g6 2. e4 Bg7 3. Bc4 e6 4. d4 d5 5. Bb3 c6 6. Qe2 dxe4 7. Qxe4 Nf6 8. Qh4
Qa5+ 9. Nc3 Qh5 10. Qxh5 Nxh5 11. Bg5 Nd7 12. Ne4 O-O 13. Nd6 Nhf6 14. O-O-O h6
15. Bd2 a5 16. c3 Rd8 17. Rhe1 Nb6 18. Ne4 Nxe4 19. Rxe4 a4 20. Bc2 Nc4 21. Bf4
b5 22. Ne5 Nxe5 23. Bxe5 Bxe5 24. Rxe5 Rd5 25. Be4 Rd6 26. Rxb5 cxb5 27. Bxa8
Kg7 28. a3 Kf6 29. Re1 Bd7 30. Kd2 Bc6 31. Bxc6 Rxc6 32. Re5 Rb6 33. Rc5 Rb7
34. Kd3 g5 35. Kc2 Ke7 36. b3 Kd6 37. bxa4 bxa4 38. Ra5 1-0

[Event "36. Copenhagen Open (Politiken Cup)"]
[Site "Elsinore"]
[Date "2014.07.22"]
[Round "2"]
[White "Molvig, Henrik"]
[Black "Le Roux, Jean Pierre"]
[Result "0-1"]
[WhiteElo "2162"]
[BlackElo "2560"]
[PlyCount "52"]
[EventDate "2014.07.21"]
[EventType "swiss"]
[EventRounds "10"]
[EventCountry "DEN"]
[Source "ChessBase"]
[SourceDate "2014.08.29"]

1. d4 Nf6 2. c4 e6 3. Nf3 b6 4. g3 Bb7 5. Bg2 g6 6. O-O Bg7 7. b3 O-O 8. Bb2
Na6 9. Nbd2 c5 10. dxc5 bxc5 11. Ne1 Bxg2 12. Kxg2 d5 13. cxd5 exd5 14. Rc1 Re8
15. Nd3 d4 16. Kg1 Rc8 17. b4 Nxb4 18. Nxb4 cxb4 19. Rxc8 Qxc8 20. Bxd4 Nd5 21.
Bxg7 Kxg7 22. e3 Nc3 23. Qa1 Kg8 24. Re1 a5 25. Nf3 Qc4 26. Nd4 Nxa2 0-1

[Event "36. Copenhagen Open (Politiken Cup)"]
[Site "Elsinore"]
[Date "2014.07.22"]
[Round "2"]
[White "Molvig, Julius"]
[Black "Jacobsen, Per"]
[Result "1-0"]
[WhiteElo "1892"]
[BlackElo "1655"]
[PlyCount "61"]
[EventDate "2014.07.21"]
[EventType "swiss"]
[EventRounds "10"]
[EventCountry "DEN"]
[Source "ChessBase"]
[SourceDate "2014.08.29"]

1. d4 Nf6 2. c4 e5 3. dxe5 Ne4 4. Nf3 Nc6 5. Qc2 Nc5 6. a3 a5 7. b3 d6 8. exd6
Bxd6 9. Bb2 f6 10. Nc3 Bg4 11. Rd1 Bxf3 12. exf3 Qe7+ 13. Be2 O-O 14. Nd5 Qe6
15. O-O Nxb3 16. Qxb3 Qxe2 17. Rfe1 a4 18. Qc3 Bxh2+ 19. Kxh2 Qxf2 20. Nxc7
Rad8 21. Rxd8 Rxd8 22. Nd5 Ne5 23. Rd1 Kf7 24. Rd4 Ng6 25. Qd2 Qf1 26. Ne3 Rxd4
27. Qxd4 Qf2 28. Qd7+ Kf8 29. Qc8+ Kf7 30. Qxb7+ Kg8 31. Nf5 1-0

[Event "36. Copenhagen Open (Politiken Cup)"]
[Site "Elsinore"]
[Date "2014.07.22"]
[Round "2"]
[White "Morkedal, Oyvind"]
[Black "Kristensen, Bjarke Hautop"]
[Result "1-0"]
[WhiteElo "1719"]
[BlackElo "1952"]
[PlyCount "83"]
[EventDate "2014.07.21"]
[EventType "swiss"]
[EventRounds "10"]
[EventCountry "DEN"]
[Source "ChessBase"]
[SourceDate "2014.08.29"]

1. e4 d5 2. exd5 Qxd5 3. Nc3 Qa5 4. Bc4 Nf6 5. d3 c6 6. Bd2 Qc7 7. Qe2 e6 8. a4
Bd6 9. g3 O-O 10. O-O-O a6 11. Bb3 Nbd7 12. f4 b5 13. Nf3 Nc5 14. Ng5 Bb7 15.
Nge4 Nfxe4 16. Nxe4 Nxb3+ 17. cxb3 c5 18. Rhf1 Rac8 19. Bc3 b4 20. Nf6+ Kh8 21.
Qh5 h6 22. Ne8 bxc3 23. Nxc7 cxb2+ 24. Kxb2 Rxc7 25. g4 Bd5 26. Kc3 Rb8 27. Rb1
Rb4 28. g5 c4 29. bxc4 Rxa4 30. gxh6 g6 31. Qe2 a5 32. Ra1 Rxa1 33. Rxa1 Bxf4
34. Rxa5 f6 35. c5 Bd6 36. Qb2 Kh7 37. d4 e5 38. Qb6 Rc6 39. Ra7+ Kxh6 40. Qb1
Be6 41. Qe4 exd4+ 42. Kb2 1-0

[Event "36. Copenhagen Open (Politiken Cup)"]
[Site "Elsinore"]
[Date "2014.07.22"]
[Round "2"]
[White "Mortensen, Jan T"]
[Black "Palm, Nikolaj"]
[Result "0-1"]
[WhiteElo "2083"]
[BlackElo "2332"]
[PlyCount "108"]
[EventDate "2014.07.21"]
[EventType "swiss"]
[EventRounds "10"]
[EventCountry "DEN"]
[Source "ChessBase"]
[SourceDate "2014.08.29"]

1. e4 e5 2. Nf3 Nc6 3. Nc3 Nf6 4. g3 Bc5 5. Bg2 d6 6. O-O a6 7. h3 h6 8. d3 Be6
9. Be3 Qd7 10. Bxc5 dxc5 11. Na4 Qd6 12. b3 O-O 13. Qe1 Rad8 14. Qc3 b6 15. Kh2
g6 16. Nb2 b5 17. a4 Nd4 18. axb5 axb5 19. Ra5 Ra8 20. Rfa1 Rxa5 21. Rxa5 Nd7
22. Nxd4 cxd4 23. Qd2 Qb6 24. Qb4 Rb8 25. f4 Kg7 26. Qd2 Qd6 27. Ra7 Rb6 28.
Qf2 Rc6 29. Nd1 Qc5 30. Ra2 f6 31. f5 Bf7 32. fxg6 Bxg6 33. h4 Qe7 34. Bh3 Bh5
35. Qd2 Bg6 36. Nf2 h5 37. g4 Nf8 38. Qd1 Qf7 39. Ra5 Rb6 40. Ra8 Ne6 41. gxh5
Bxh5 42. Bg4 Nf4 43. Rd8 Qe7 44. Rc8 Bg6 45. Bf5 Bxf5 46. exf5 Qf7 47. Qg4+ Kh7
48. Ne4 Rc6 49. Qd1 Qd7 50. Rb8 Qxf5 51. Nf2 Nd5 52. Qg1 Ne7 53. Re8 Ng6 54.
Ne4 Rxc2+ 0-1

[Event "36. Copenhagen Open (Politiken Cup)"]
[Site "Elsinore"]
[Date "2014.07.22"]
[Round "2"]
[White "Mozelius, Peter"]
[Black "Edwardsson, Hannu Kalervo"]
[Result "1-0"]
[WhiteElo "1847"]
[BlackElo "1455"]
[PlyCount "25"]
[EventDate "2014.07.21"]
[EventType "swiss"]
[EventRounds "10"]
[EventCountry "DEN"]
[Source "ChessBase"]
[SourceDate "2014.08.29"]

1. d4 d5 2. Bg5 Nf6 3. Nd2 Nc6 4. e3 Bf5 5. c3 Qd7 6. Ngf3 O-O-O 7. Bb5 h6 8.
Ne5 Qe8 9. Bxc6 bxc6 10. Qa4 Kb7 11. Nb3 Ne4 12. Na5+ Ka8 13. Naxc6 1-0

[Event "36. Copenhagen Open (Politiken Cup)"]
[Site "Elsinore"]
[Date "2014.07.22"]
[Round "2"]
[White "Muschik, Benedikt"]
[Black "Laustsen, Lars"]
[Result "1-0"]
[WhiteElo "2353"]
[BlackElo "2115"]
[PlyCount "27"]
[EventDate "2014.07.21"]
[EventType "swiss"]
[EventRounds "10"]
[EventCountry "DEN"]
[Source "ChessBase"]
[SourceDate "2014.08.29"]

1. d4 d5 2. Bf4 Nf6 3. e3 c5 4. dxc5 e6 5. b4 a5 6. c3 axb4 7. cxb4 Nc6 8. Qb3
Ne4 9. a3 b6 10. Bb5 Bd7 11. f3 g5 12. Bxc6 Bxc6 13. Be5 f6 14. Bb2 1-0

[Event "36. Copenhagen Open (Politiken Cup)"]
[Site "Elsinore"]
[Date "2014.07.22"]
[Round "2"]
[White "Nielsen, Bjorn"]
[Black "Nordin, Eric"]
[Result "0-1"]
[WhiteElo "1417"]
[BlackElo "1852"]
[PlyCount "100"]
[EventDate "2014.07.21"]
[EventType "swiss"]
[EventRounds "10"]
[EventCountry "DEN"]
[Source "ChessBase"]
[SourceDate "2014.08.29"]

1. d4 d6 2. d5 c6 3. e4 Nf6 4. Nc3 g6 5. Be2 Bg7 6. Bf3 O-O 7. Nge2 cxd5 8.
exd5 Nbd7 9. O-O Ne5 10. Ng3 Nxf3+ 11. Qxf3 Bg4 12. Qe3 Re8 13. f3 Bd7 14. Rd1
a6 15. Nce4 Rc8 16. c3 Ba4 17. b3 Bd7 18. Qe1 Nxe4 19. Nxe4 f5 20. Ng5 Bxc3 21.
Bd2 Bxa1 22. Rxa1 Qb6+ 23. Be3 Qb5 24. Qh4 h5 25. Qd4 Qe2 26. Ne6 Bxe6 27. Bh6
Qe5 28. Qxe5 dxe5 29. dxe6 Rc6 30. h4 Rxe6 31. Bg5 e4 32. Re1 Rc8 33. fxe4 Rxe4
34. Rb1 Rc2 35. a4 Ree2 36. Bf4 e5 37. Bh6 Rxg2+ 38. Kf1 Rcf2+ 39. Ke1 Rg1+ 40.
Kxf2 Rxb1 41. Bg5 Rxb3 42. a5 Kf7 43. Bd8 Ke6 44. Bb6 Kd5 45. Kg2 Rxb6 46. axb6
a5 47. Kf2 a4 48. Ke2 a3 49. Kd2 a2 50. Kc2 a1=Q 0-1

[Event "36. Copenhagen Open (Politiken Cup)"]
[Site "Elsinore"]
[Date "2014.07.22"]
[Round "2"]
[White "Nielsen, Klaus"]
[Black "Nielsen, Lars Aaes"]
[Result "0-1"]
[WhiteElo "2067"]
[BlackElo "2257"]
[PlyCount "62"]
[EventDate "2014.07.21"]
[EventType "swiss"]
[EventRounds "10"]
[EventCountry "DEN"]
[Source "ChessBase"]
[SourceDate "2014.08.29"]

1. d4 e6 2. Nf3 Nf6 3. Bg5 Be7 4. Nbd2 b6 5. e3 c5 6. Bd3 Bb7 7. c3 d6 8. O-O
Nbd7 9. Qe2 h6 10. Bxf6 Nxf6 11. e4 Qc7 12. a4 a6 13. Rfc1 O-O 14. c4 cxd4 15.
Nxd4 Nd7 16. N2f3 Bf6 17. Ra3 Rfe8 18. Qe1 Rac8 19. Bb1 d5 20. Rac3 dxe4 21.
Bxe4 Bxe4 22. Qxe4 Nc5 23. Qc2 e5 24. Nf5 e4 25. N3d4 Nd3 26. Rd1 g6 27. Nxh6+
Kh7 28. Ng4 Bxd4 29. Rcxd3 exd3 30. Qxd3 Rcd8 31. Qh3+ Kg8 0-1